Movies Quiz

Random Movies or Pokémon Quiz
Score 0/12 Timer 06:00
0 Plays Today
English Release Movie % Correct
1999Pokémon the First Movie - Mewtwo Strikes Back
94.9%
2002Pokémon 4Ever - Celebi: Voice of the Forest
75.6%
2000Pokémon the Movie 2000 - The Power of One
73.1%
2001Pokémon 3: The Movie - Spell of the Unown
67.9%
2003Pokémon Heroes
65.4%
2004Jirachi: Wish Maker
62.8%
2009Arceus and the Jewel of Life
62.8%
2005Destiny Deoxys
61.5%
2009Giratina and the Sky Warrior
60.3%
2006Lucario and the Mystery of Mew
59%
2008The Rise of Darkrai
57.7%
2007Pokémon Ranger and the Temple of the Sea
55.1%
Remove Ads.
Support Sporcle.
Get the best of Sporcle when you Go Orange. This ad-free experience offers more features, more stats, and more fun while also helping to support Sporcle. Thank you for becoming a member.

You're not logged in!

Compare scores with friends on all Sporcle quizzes.
OR
Log In

Show Comments

Extras

Created Nov 28, 2010SourceReportNominate
Tags:Pokémon Quiz

Top Quizzes Today


Score Distribution

Your Account Isn't Verified!

In order to create a playlist on Sporcle, you need to verify the email address you used during registration. Go to your Sporcle Settings to finish the process.

Report this User

Report this user for behavior that violates our Community Guidelines.

Details: